00556 a2200157 45000010006000000050017000060080041000230030015000640400040000790800035001192450105001540200018002592640068002773000019003451000034003642712220260407155548.0260407a1986 arg spa dAR-UNSa-BCEJYS aAR-UNSa-BCEJYSbspacAR-UNSa-BCEJYS a711(72)xUrbanismo en México10aUrbanismo prehispánico e hispanoamericano en Méxicopdesde sus orígenes hasta la independencia a84-7088-425-5 1aMadrid :bInstituto de Estudios de Administración Localc1986 a423 p.c21 cm.1 aRodríguez Alpuche, Adrián